00607nam a2200193Ia 450000500170000000800410001702000150005808200160007310000140008924500650010326000610016830000210022965000130025065000160026365000160027994200060029595200970030199900150039820250214020017.0240331s9999 xx 000 0 und d a1878379151 bLITa954.93 aLittle, D 0aSri Lanka the invention of enmity :bThe invention of enmity aWashingtonbUnited States Institute of Peace pressc1994 axxviii, 175 p ., aReligion aNationalism aIntolerance cL 001040708LaWERCLbWERCLcSSCd2024-03-31l0o 954.3 LITp3718r2024-03-31w2024-03-31yL c3479d3479